00305nam a22001217a 450000500170000002000220001703500130003903700080005210000170006024500450007726000420012230000190016420120214105859.0 a818832275c250.00 aB-166012 adpl aDixit,Pankaj aHindu Mythology Quiz Book/cPankaj Dixit aNew DelhibOcean Books Pvt.Ltd.c2005 a188p.c22 cms.